000 00424nam a2200181Ia 4500
003 SGT
005 20250701110030.0
008 150201s2008 xx 000 0 und d
040 _cSGTU
082 _a612
_bP2008G
100 _aGHAI, C. L.
245 _aA textbook of Practical Physiology
250 _a7TH
260 _bJAYPEE MEDICAL PUBLISHER
_aDELHI
_c2008
300 _a400
650 _aPHYSIOLOGY
942 _2ddc
_cBK
999 _c4382
_d4382